UA LA FARAJA (Record no. 9330)
[ view plain ]
| 000 -LEADER | |
|---|---|
| fixed length control field | 00235 a2200109 4500 |
| 003 - CONTROL NUMBER IDENTIFIER | |
| control field | OSt |
| 005 - DATE AND TIME OF LATEST TRANSACTION | |
| control field | 20250901165808.0 |
| 008 - FIXED-LENGTH DATA ELEMENTS--GENERAL INFORMATION | |
| fixed length control field | 250320b |||||||| |||| 00| 0 eng d |
| 040 ## - CATALOGING SOURCE | |
| Transcribing agency | D |
| 245 ## - TITLE STATEMENT | |
| Title | UA LA FARAJA |
| Statement of responsibility, etc. | W.E. MKUFYA |
| 942 ## - ADDED ENTRY ELEMENTS (KOHA) | |
| Source of classification or shelving scheme | Library of Congress Classification |
| Koha item type | Books |
| Withdrawn status | Lost status | Source of classification or shelving scheme | Damaged status | Not for loan | Collection | Home library | Current library | Shelving location | Date acquired | Source of acquisition | Total checkouts | Full call number | Barcode | Date last seen | Price effective from | Koha item type |
|---|---|---|---|---|---|---|---|---|---|---|---|---|---|---|---|---|
| Library of Congress Classification | Main Library | Main Library | 03/20/2025 | Donation from KICD | PL 8704.M58 2008 | PIUD0000172 | 03/20/2025 | 03/20/2025 | Books | |||||||
| Library of Congress Classification | Main Library | Main Library | 03/20/2025 | Donation from KICD | PL 8704.M58 2008 | PIUD0000171 | 03/20/2025 | 03/20/2025 | Books |